000 00661nam a2200241 i 4500
001 bg
100 1 _aJarzina, Jacek.
245 1 0 _aTajniki typografii dla każdego /
_cJacek Jarzina.
260 _aWarszawa :
_b"Mikom",
_c2003.
300 _a252 s. :
_bil. ;
_c24 cm.
504 _aIndeks.
650 9 _aProgramy wydawnicze
650 9 _aWord
655 _aPodręczniki
020 _a8372793158
040 _cBPK
041 0 _apol
080 _a004.42:004.4'232:004.915](07)
920 _a83-7279-315-8
942 _cKS
008 s pl f |000 0 pol
999 _c43354
_d43354